Balanços públicos : (Record no. 819)

MARC details
000 -LÍDER
Campo Fixo de Controle 00599nam a2200217 a 4500
001 - NÚMERO DE CONTROLE
Campo de Controle 819
003 - IDENTIFICAÇÃO DO NÚMERO DE CONTROLE
Campo de Controle BR-CuiBMT
005 - DATA E HORA DA ÚLTIMA ATUALIZAÇÃO
Campo de Controle 20231121184255.0
008 - DADOS FIXOS
Dados Fixos 231120s1999 spb 001 0 por d
020 ## - INTERNATIONAL STANDARD BOOK NUMBER
Nº do ISBN 8522420370
040 ## - AGÊNCIA CATALOGADORA
Código da Agência Catalogadora BR-CuiBMT
Agência que transcreveu o registro BR-CuiBMT
080 ## - Nº DA CLASSIFICAÇÃO DECIMAL UNIVERSAL
Nº edição CDU 2007
Nº Class. CDU 657:336.1
090 ## - NÚMERO DE CHAMADA
Nº classificação 657:336.1
Cutter K79b
100 1# - ENTRADA PRINCIPAL -- AUTOR PESSOAL
Nome pessoal Kohama, Heilio
Datas associadas ao nome 1934-
245 10 - TÍTULO PRINCIPAL
Título principal Balanços públicos :
Subtítulo teoria e prática /
Indicação de responsabilidade Heilio Kohama.
260 ## - PUBLICAÇÃO, DISTRIBUIÇÃO, ETC.
Local de publicação São Paulo :
Editora Atlas,
Data 1999.
300 ## - DESCRIÇÃO FÍSICA
N. páginas ou volumes 225 p. ;
Dimensões 24 cm
504 ## - NOTA DE BIBLIOGRAFIA, ETC.
Nota de bibliografia Inclui bibliografia e índice.
650 ## - ASSUNTO TÓPICO
Cabeçalho tópico ou nome geográfico Contabilidade pública
942 ## - ELEMENTOS DE ENTRADA ADICIONAIS (KOHA)
Fonte de classificação ou esquema de arquivamento Classificação Decimal Universal
Tipo de item do Koha Livros
Holdings
Estado: removido Estado: perdido Fonte de classificação ou esquema de arquivamento Estado: danificado Indisponível para empréstimo Localização permanente Localização atual Data de aquisição Total Checkouts Número de Chamada completo Código de barras Date last seen Número do exemplar Preço efetivo a partir de Tipo de item (Koha)
    Classificação Decimal Universal     Biblioteca da Escola Superior de Contas do TCE/MT Biblioteca da Escola Superior de Contas do TCE/MT 23/09/2008   657:336.1 K79b BIBTCEMT23110754 20/11/2023 Ex. 1 20/11/2023 Livros

Powered by Koha